A Random Assortment of Characters - Statistics

General Stats
  • This quiz has been taken 14 times
  • The average score is 7 of 12
Answer Stats
Picture Answer % Correct
Ace Ventura
90%
Charlie Brown
90%
Doctor Octopus
90%
Marty Mcfly
80%
Vito Corleone
80%
Charles Kane
70%
Jason Voorhees
70%
4-LOM
40%
Bolg
30%
Elsa Schneider
30%
Palmer
30%
René Belloq
30%
No matching quizzes found
Score Distribution
Percent of People with Each Score
Percentile by Number Answered
Your Score History
You have not taken this quiz